Quality operations procedures for pharmaceutical, API, and biotechnology / (Record no. 21406)
[ view plain ]
| 000 -LEADER | |
|---|---|
| fixed length control field | 01001cam a22002895a 4500 |
| 001 - CONTROL NUMBER | |
| control field | 015991621 |
| 003 - CONTROL NUMBER IDENTIFIER | |
| control field | OSt |
| 005 - DATE AND TIME OF LATEST TRANSACTION | |
| control field | 20160314142822.0 |
| 006 - FIXED-LENGTH DATA ELEMENTS--ADDITIONAL MATERIAL CHARACTERISTICS--GENERAL INFORMATION | |
| fixed length control field | a||||f ||z 00| 0 |
| 008 - FIXED-LENGTH DATA ELEMENTS--GENERAL INFORMATION | |
| fixed length control field | 111207t2012 flua frb 001 0 eng d |
| 020 ## - INTERNATIONAL STANDARD BOOK NUMBER | |
| International Standard Book Number | 9781439886908 |
| 040 ## - CATALOGING SOURCE | |
| Original cataloging agency | StDuBDS |
| Language of cataloging | eng |
| Transcribing agency | StDuBDS |
| Modifying agency | Uk |
| -- | EG-ScBUE |
| 082 04 - DEWEY DECIMAL CLASSIFICATION NUMBER | |
| Classification number | 615.1 |
| Edition number | 22 |
| Item number | HAI |
| 100 1# - MAIN ENTRY--PERSONAL NAME | |
| Personal name | Haider, Syed Imtiaz. |
| 9 (RLIN) | 39547 |
| 245 10 - TITLE STATEMENT | |
| Title | Quality operations procedures for pharmaceutical, API, and biotechnology / |
| Statement of responsibility, etc | Syed Imtiaz Haider, Erfan Syed Asif. |
| 260 ## - PUBLICATION, DISTRIBUTION, ETC. (IMPRINT) | |
| Place of publication, distribution, etc | Boca Raton : |
| Name of publisher, distributor, etc | CRC Press / Taylor & Francis Group, |
| Date of publication, distribution, etc | c.2012. |
| 300 ## - PHYSICAL DESCRIPTION | |
| Extent | xxiv, 560 p. : |
| Other physical details | ill. ; |
| Dimensions | 27 cm. + |
| Accompanying material | CD-ROM (4 3/4 in.) |
| 500 ## - GENERAL NOTE | |
| General note | Index : p. 555-560. |
| 504 ## - BIBLIOGRAPHY, ETC. NOTE | |
| Bibliography, etc | Includes bibliographical references. |
| 650 #0 - SUBJECT ADDED ENTRY--TOPICAL TERM | |
| Topical term or geographic name as entry element | Pharmaceutical technology |
| General subdivision | Standards. |
| Source of heading or term | BUEsh |
| 650 #0 - SUBJECT ADDED ENTRY--TOPICAL TERM | |
| Topical term or geographic name as entry element | Biotechnology |
| General subdivision | Standards. |
| Source of heading or term | BUEsh |
| 650 #0 - SUBJECT ADDED ENTRY--TOPICAL TERM | |
| Topical term or geographic name as entry element | Medical laboratories |
| General subdivision | Standards. |
| Source of heading or term | BUEsh |
| 651 ## - SUBJECT ADDED ENTRY--GEOGRAPHIC NAME | |
| Source of heading or term | BUEsh |
| 653 ## - INDEX TERM--UNCONTROLLED | |
| Resource For college | Pharmacy |
| Arrived date list | March2016 |
| 700 1# - ADDED ENTRY--PERSONAL NAME | |
| Personal name | Asif, Erfan Syed. |
| 942 ## - ADDED ENTRY ELEMENTS (KOHA) | |
| Source of classification or shelving scheme | Dewey Decimal Classification |
| Withdrawn status | Item status | Source of classification or shelving scheme | Damaged status | Not for loan | Vendor | Home library | Current library | Shelving location | Date acquired | Source of acquisition | Cost, normal purchase price | Total Checkouts | Total Renewals | Full call number | Barcode | Date last seen | Date last borrowed | Koha item type | Serial Enumeration / chronology |
|---|---|---|---|---|---|---|---|---|---|---|---|---|---|---|---|---|---|---|---|
| Dewey Decimal Classification | Central Library | Central Library | First floor | 14/03/2016 | Purchase | 1300.00 | 1 | 4 | 615.1 HAI | 000032034 | 15/07/2025 | 09/12/2020 | Book - Borrowing | ||||||
| Dewey Decimal Classification | Central Library | Central Library | First floor | 14/03/2016 | Purchase | 1300.00 | 615.1 HAI | 000032035 | 24/08/2022 | CD | DVD - With book | 1 |